00283nam a2200121Ia 4500008004100000041000900041082001500050100002300065245002100088260003500109300000900144650000800153230718s9999 xx 000 0 und d aEng. a347bJUN-C aJunjua, Dr. Zia-Ul 0aCivil Major Acts aPakistanbIslam law bookc2008 a1552 aLaw